000 00944nam a2200229 a 4500
008 110913s2000 ||||||||||||||||| || u
020 _a0130138339
050 _aR 728.8 Cam
100 _aCampbell, Linda C
245 1 0 _aMedical transcription: fundamentals & practice.-- 2nd ed.
_cLinda C. Campbell, Diane S. Heath, Sally Crenshaw Pitman
250 _a2nd ed.
260 _aUpper Saddle River, NJ
_bPrentice Hall Health
_c2000
300 _axv, 494p. : ill.
350 _a0.00
650 _aMEDICAL RECORDS--PROGRAMMED INSTRUCTION
650 _aMEDICAL TRANSCRIPTION--PROGRAMMED INSTRUCTION
650 _aMEDICAL SECRETARIES--PROGRAMMED INSTRUCTION
650 _aMEDICINE
700 _aHeath, Diane S
700 _aPitman, Sally Crenshaw
995 _aMEDICAL LIBRARY OPEN ACCESS
_D0.00
_e900551
_FCBU-SCHOOL OF MEDICINE LIBRARY (Ndola)
_H1
_I0.00
_jR 728.8 Cam.
_M1
_UAVAILABLE
_WOct 17, 2011
_y900551
_ZMedical Library Open Access Collection
999 _c32053
_d32053